[Event "Chess Olympiad 2012"]
[Site "?"]
[Date "????.??.??"]
[Round "4"]
[White "Edouard, Romain"]
[Black "Short, Nigel"]
[Result "1/2-1/2"]
[WhiteElo "2652"]
[BlackElo "2698"]
[PlyCount "109"]

1. d4 Nf6 2. c4 e6 3. Nc3 Bb4 4. e3 c5 5. Bd3 Nc6 6. Nf3 Bxc3+ 7. bxc3 d6 8.
O-O e5 9. Nd2 O-O 10. Rb1 b6 11. Qc2 exd4 12. exd4 h6 13. Ne4 Bb7 14. Rd1 cxd4
15. Ba3 Nxe4 16. Bxe4 Na5 17. Bxb7 Nxb7 18. cxd4 Qc7 19. Rbc1 Rfe8 20. Qa4 Re4
21. h3 Na5 22. Qb5 Rd8 23. c5 d5 24. Re1 Qc6 25. Qxc6 Rxe1+ 26. Rxe1 Nxc6 27.
cxb6 axb6 28. Rb1 Ra8 29. Rxb6 Nxd4 30. Bb2 Nc2 31. Rc6 Nb4 32. Rd6 Rxa2 33.
Bc3 Nd3 34. Rd8+ Kh7 35. Rxd5 Nxf2 36. Rd4 Re2 37. Kf1 Re3 38. Kxf2 Rxc3 39.
Rd7 Kg6 40. Rd4 f5 41. Rd6+ Kg5 42. Rd7 g6 43. Rd6 f4 44. Rd5+ Kh4 45. Rd6 Rg3
46. Rf6 Kg5 47. Rf8 Rb3 48. Rf7 h5 49. Rf8 Rb2+ 50. Kf3 Rb3+ 51. Kf2 Rb5 52.
Kf3 Rf5 53. h4+ Kxh4 54. Rxf5 gxf5 55. Kxf4 1/2-1/2

[Event "Chess Olympiad 2012"]
[Site "?"]
[Date "????.??.??"]
[Round "4"]
[White "Ftacnik, Lubomir"]
[Black "Leko, Peter"]
[Result "1/2-1/2"]
[WhiteElo "2532"]
[BlackElo "2737"]
[PlyCount "62"]

1. Nf3 c5 2. c4 Nc6 3. d4 cxd4 4. Nxd4 Nf6 5. Nc3 e6 6. a3 Be7 7. e4 O-O 8. Be2
d5 9. exd5 exd5 10. O-O Nxd4 11. Qxd4 Be6 12. cxd5 Nxd5 13. Nxd5 Bxd5 14. Be3
Bf6 15. Qf4 Qe7 16. Rad1 Rfd8 17. b4 Be5 18. Qg4 g6 19. Bg5 Bf6 20. Bxf6 Qxf6
21. Bc4 Bxc4 22. Qxc4 Rac8 23. Qe4 b5 24. g3 Kg7 25. Qe3 a6 26. Rxd8 Rxd8 27.
Rc1 Rd6 28. h4 Re6 29. Qc3 h5 30. Qxf6+ Kxf6 31. Rc7 Ke5 1/2-1/2

[Event "Chess Olympiad 2012"]
[Site "?"]
[Date "????.??.??"]
[Round "4"]
[White "Georgiev, Vladimir"]
[Black "Shirov, Alexei"]
[Result "1/2-1/2"]
[WhiteElo "2566"]
[BlackElo "2706"]
[PlyCount "83"]

1. d4 d5 2. c4 c6 3. Nc3 Nf6 4. e3 e6 5. Nf3 Nbd7 6. Qc2 Bd6 7. Bd3 O-O 8. O-O
dxc4 9. Bxc4 b5 10. Be2 Bb7 11. Rd1 Qc7 12. Bd2 Rfe8 13. b4 e5 14. h3 a6 15.
Rac1 exd4 16. Nxd4 c5 17. bxc5 Nxc5 18. Bxb5 axb5 19. Ncxb5 Bh2+ 20. Kf1 Qe5
21. Qxc5 Qe4 22. Nf3 Qd3+ 23. Ke1 Bxf3 24. gxf3 Re5 25. Qc4 Qxc4 26. Rxc4 Rxb5
27. a4 Rd5 28. f4 g5 29. Bc3 Rxd1+ 30. Kxd1 Nd5 31. fxg5 Nxc3+ 32. Rxc3 Rxa4
33. f4 h6 34. gxh6 Ra6 35. Rc2 Bg3 36. Rg2 Ra1+ 37. Ke2 Ra2+ 38. Kf3 Rxg2 39.
Kxg2 Be1 40. Kf3 Kh7 41. Kg4 Kxh6 42. e4 1/2-1/2

[Event "Chess Olympiad 2012"]
[Site "?"]
[Date "????.??.??"]
[Round "4"]
[White "Harikrishna, Pentala"]
[Black "Kamsky, Gata"]
[Result "1-0"]
[WhiteElo "2685"]
[BlackElo "2746"]
[PlyCount "81"]

1. e4 e5 2. Nf3 Nc6 3. Bb5 a6 4. Ba4 Nf6 5. O-O Be7 6. Re1 b5 7. Bb3 O-O 8. a4
b4 9. d4 d6 10. dxe5 dxe5 11. Qxd8 Rxd8 12. Nbd2 Bc5 13. h3 Bb7 14. a5 h6 15.
Ba4 Nd7 16. Nb3 Bd6 17. Be3 Ncb8 18. Nfd2 Bc6 19. Nc4 Bxa4 20. Rxa4 Nc6 21. Rd1
Be7 22. Raa1 Kf8 23. f3 Ke8 24. Kf2 Nf8 25. Rd5 f6 26. g3 Ne6 27. f4 Bd6 28.
Rad1 exf4 29. Nxd6+ Rxd6 30. gxf4 Rad8 31. Nc5 Nxc5 32. Bxc5 Re6 33. Kf3 Rb8
34. Rg1 g5 35. h4 b3 36. c3 Rb5 37. hxg5 hxg5 38. Rh1 g4+ 39. Kxg4 Rxe4 40. Kf5
Re7 41. Bxe7 1-0

[Event "Chess Olympiad 2012"]
[Site "?"]
[Date "????.??.??"]
[Round "4"]
[White "Karjakin, Sergey"]
[Black "Bu, Xiangzhi"]
[Result "1/2-1/2"]
[WhiteElo "2785"]
[BlackElo "2670"]
[PlyCount "61"]

1. e4 e5 2. Nf3 Nf6 3. Nxe5 d6 4. Nf3 Nxe4 5. Nc3 Nf6 6. d4 Be7 7. Bd3 O-O 8.
h3 Re8 9. O-O Nbd7 10. Ne2 d5 11. Ng3 Nf8 12. c3 Bd6 13. Nf5 Bxf5 14. Bxf5 c6
15. Bg5 h6 16. Bh4 Ng6 17. Bxg6 fxg6 18. Qb3 Qc7 19. Bxf6 gxf6 20. Rfe1 Kg7 21.
Rad1 b5 22. a4 a6 23. axb5 axb5 24. Qc2 Qd7 25. b3 Rxe1+ 26. Rxe1 Re8 27. Ra1
Qe6 28. Kf1 b4 29. Rc1 bxc3 30. Qxc3 Rc8 31. Qd3 1/2-1/2

[Event "Chess Olympiad 2012"]
[Site "?"]
[Date "????.??.??"]
[Round "4"]
[White "Jones, Gawain"]
[Black "Fressinet, Laurent"]
[Result "1/2-1/2"]
[WhiteElo "2653"]
[BlackElo "2714"]
[PlyCount "35"]

1. e4 e5 2. Nf3 Nc6 3. d4 exd4 4. Nxd4 Bc5 5. Nxc6 Qf6 6. Qf3 dxc6 7. Nc3 Bd4
8. Bd2 Be6 9. Qg3 O-O-O 10. Bd3 Qg6 11. f3 Ne7 12. O-O-O Qxg3 13. hxg3 Ng6 14.
Ne2 Bf2 15. Bc3 Be3+ 16. Bd2 Bf2 17. Bc3 Be3+ 18. Bd2 1/2-1/2

[Event "Chess Olympiad 2012"]
[Site "?"]
[Date "????.??.??"]
[Round "4"]
[White "Li, Chao"]
[Black "Jakovenko, Dmitry"]
[Result "0-1"]
[WhiteElo "2665"]
[BlackElo "2722"]
[PlyCount "122"]

1. d4 d5 2. c4 c6 3. Nf3 Nf6 4. Nc3 dxc4 5. a4 e6 6. e4 Bb4 7. Qc2 b5 8. Be2
Bb7 9. O-O a6 10. b3 cxb3 11. Qxb3 Be7 12. Ba3 O-O 13. e5 Bxa3 14. Qxa3 Nd5 15.
Ne4 b4 16. Qc1 a5 17. Nd6 Nc3 18. Re1 Ba6 19. Bd1 Bd3 20. Qe3 Bg6 21. Bb3 Nd7
22. Ng5 h6 23. Nh3 Nb6 24. f4 Nbd5 25. Qf2 Bf5 26. Kh1 Qe7 27. Ng1 Rfd8 28. Qf3
Rxd6 29. exd6 Qxd6 30. g4 Bh7 31. f5 Qf4 32. Re5 Qxf3+ 33. Nxf3 Kf8 34. Nh4 Ke7
35. Rae1 Kd6 36. Nf3 Nf4 37. Bc2 Bg8 38. Nd2 Nfd5 39. Nc4+ Kc7 40. fxe6 f6 41.
Rf5 Re8 42. Rff1 Rxe6 43. Nxa5 Ne2 44. Bf5 Re7 45. Bd3 Nxd4 46. Rxe7+ Nxe7 47.
Bc4 Kb6 48. Bxg8 Kxa5 49. Bf7 Kxa4 50. Re1 Nd5 51. Rd1 Nb5 52. Be8 b3 53. Bxc6
Ndc3 54. Rd2 Ka3 55. Bd7 Ne4 56. Rd5 Nbd6 57. Ra5+ Kb4 58. Ra8 b2 59. Rb8+ Kc3
60. Be6 Kc2 61. Bb3+ Kc1 0-1

[Event "Chess Olympiad 2012"]
[Site "?"]
[Date "????.??.??"]
[Round "4"]
[White "Le, Quang Liem"]
[Black "Megaranto, Susanto"]
[Result "1-0"]
[WhiteElo "2693"]
[BlackElo "2529"]
[PlyCount "89"]

1. c4 Nf6 2. Nc3 g6 3. d4 Bg7 4. e4 d6 5. h3 O-O 6. Nf3 c5 7. d5 e6 8. Bd3 exd5
9. exd5 Re8+ 10. Be3 Bh6 11. O-O Bxe3 12. fxe3 Qe7 13. e4 Nbd7 14. Rf2 Kg7 15.
Qd2 Ng8 16. Raf1 Rf8 17. Nb5 Ne5 18. Nxe5 dxe5 19. d6 Qd7 20. Be2 Qc6 21. Nc7
Rb8 22. Bg4 Nh6 23. d7 Qxc7 24. dxc8=Q Rbxc8 25. Bxc8 Rxc8 26. Rd1 Qe7 27. Qd7
Rc7 28. Qxe7 Rxe7 29. Rd5 b6 30. Rfd2 f5 31. Rd7 Kf7 32. R2d5 fxe4 33. Rxe7+
Kxe7 34. Rxe5+ Kf6 35. Rxe4 Nf5 36. b3 Nd6 37. Re2 h5 38. Kf2 a5 39. Kf3 a4 40.
Rd2 Ke6 41. Rd5 axb3 42. axb3 Nf5 43. Ke4 Nd6+ 44. Kf4 Nb7 45. Kg5 1-0

[Event "Chess Olympiad 2012"]
[Site "?"]
[Date "????.??.??"]
[Round "4"]
[White "Mamedyarov, Shakhriyar"]
[Black "Meier, Georg"]
[Result "1/2-1/2"]
[WhiteElo "2729"]
[BlackElo "2648"]
[PlyCount "83"]

1. d4 Nf6 2. c4 e6 3. Nc3 Bb4 4. Qc2 O-O 5. a3 Bxc3+ 6. Qxc3 b6 7. Bg5 Bb7 8.
e3 d6 9. Ne2 Nbd7 10. Qc2 c5 11. Rd1 Qc8 12. f3 h6 13. Bh4 d5 14. cxd5 Nxd5 15.
Qd2 f5 16. dxc5 Nxc5 17. b4 Na4 18. Rc1 Qe8 19. Nd4 e5 20. Bb5 Qh5 21. Nc6 Ndc3
22. Bf2 Nxb5 23. Qd5+ Qf7 24. Qxb5 Bxc6 25. Rxc6 Nb2 26. O-O Rac8 27. Rxc8 Rxc8
28. Qxe5 Nd3 29. Qd4 Nxf2 30. Rxf2 Qb3 31. Qe5 Rc1+ 32. Rf1 Qxa3 33. h4 a5 34.
bxa5 bxa5 35. Rxc1 Qxc1+ 36. Kh2 a4 37. Qe8+ Kh7 38. h5 a3 39. Qg6+ Kh8 40.
Qe8+ Kh7 41. Qg6+ Kh8 42. Qe8+ 1/2-1/2

[Event "Chess Olympiad 2012"]
[Site "?"]
[Date "????.??.??"]
[Round "4"]
[White "Michalik, Peter"]
[Black "Polgar, Judit"]
[Result "1/2-1/2"]
[WhiteElo "2508"]
[BlackElo "2698"]
[PlyCount "84"]

1. d4 Nf6 2. c4 e6 3. Nc3 Bb4 4. Nf3 b6 5. e3 Bb7 6. Bd3 O-O 7. O-O d5 8. cxd5
exd5 9. a3 Bd6 10. b4 a6 11. Qb3 Nbd7 12. a4 Re8 13. Ba3 Ne4 14. Nxd5 Ng5 15.
Nxg5 Qxg5 16. e4 Bxd5 17. Qxd5 Qxd5 18. exd5 Nf6 19. b5 Bxa3 20. Rxa3 axb5 21.
Bxb5 Red8 22. Rc1 Nxd5 23. g3 Ra7 24. Rf3 Kf8 25. Re1 Ne7 26. Re4 c6 27. Bc4 f6
28. Bb3 Rad7 29. Rd3 Nf5 30. d5 cxd5 31. Re6 Rd6 32. Rxd6 Rxd6 33. Rxd5 Rxd5
34. Bxd5 h6 35. Kg2 Nd4 36. Kh3 Ke7 37. Kg4 Kd6 38. Bf7 Ke7 39. Bc4 Kd6 40. Kf4
Nc6 41. h4 Ne7 42. Ke4 Kc5 1/2-1/2

[Event "Chess Olympiad 2012"]
[Site "?"]
[Date "????.??.??"]
[Round "4"]
[White "Morovic Fernandez, Ivan"]
[Black "Caruana, Fabiano"]
[Result "1/2-1/2"]
[WhiteElo "2575"]
[BlackElo "2773"]
[PlyCount "61"]

1. d4 Nf6 2. Nf3 g6 3. c4 Bg7 4. Nc3 d5 5. cxd5 Nxd5 6. Bd2 Bg4 7. e3 O-O 8.
Rc1 Nxc3 9. Bxc3 Nd7 10. Be2 Nf6 11. O-O Nd5 12. h3 Nxc3 13. Rxc3 Bd7 14. Qb3
Rb8 15. Qa3 a6 16. Qa5 c6 17. Qxd8 Rfxd8 18. Rfc1 Be6 19. Bc4 Bxc4 20. Rxc4 Rd5
21. Rc5 Rbd8 22. Kf1 e6 23. Ke2 Kf8 24. R1c3 Ke8 25. Rxd5 Rxd5 26. Rb3 Rb5 27.
Rxb5 axb5 28. b3 f6 29. Kd3 Bf8 30. Nd2 b6 31. Ke4 1/2-1/2

[Event "Chess Olympiad 2012"]
[Site "?"]
[Date "????.??.??"]
[Round "4"]
[White "Radjabov, Teimour"]
[Black "Naiditsch, Arkadij"]
[Result "1-0"]
[WhiteElo "2788"]
[BlackElo "2712"]
[PlyCount "71"]

1. e4 e5 2. Nf3 Nc6 3. Bc4 Bc5 4. O-O Nf6 5. d3 O-O 6. Nbd2 a6 7. c3 d6 8. Bb3
Ba7 9. h3 h6 10. Re1 Be6 11. Nf1 Re8 12. Bc2 d5 13. exd5 Qxd5 14. Ng3 Rad8 15.
Qe2 Qd7 16. Be3 Bxe3 17. fxe3 Nd5 18. d4 exd4 19. exd4 Bf5 20. Ne5 Nf4 21. Qf2
Nxe5 22. Bxf5 Ned3 23. Rxe8+ Qxe8 24. Qd2 Qb5 25. b3 c5 26. Bxd3 Qxd3 27. Qxf4
Qxc3 28. Rc1 Qxd4+ 29. Qxd4 cxd4 30. Kf2 Rd5 31. Ne4 Re5 32. Nd2 d3 33. Re1 Ra5
34. a4 Rf5+ 35. Nf3 b5 36. Re5 1-0

[Event "Chess Olympiad 2012"]
[Site "?"]
[Date "????.??.??"]
[Round "4"]
[White "So, Wesley"]
[Black "Aronian, Levon"]
[Result "1/2-1/2"]
[WhiteElo "2652"]
[BlackElo "2816"]
[PlyCount "102"]

1. e4 e5 2. Nf3 Nc6 3. Bb5 Nf6 4. O-O Nxe4 5. Re1 Nd6 6. Nxe5 Be7 7. Bf1 Nxe5
8. Rxe5 O-O 9. d4 Bf6 10. Re1 Re8 11. Bf4 Rxe1 12. Qxe1 Ne8 13. Qe3 d5 14. Nd2
Bf5 15. c3 h6 16. Re1 c6 17. Qg3 Bg6 18. Nf3 Qb6 19. b4 a5 20. a3 axb4 21. axb4
Qd8 22. Ne5 Bxe5 23. dxe5 Kh7 24. Bd3 Nc7 25. Bc1 Bxd3 26. Qxd3+ Kg8 27. f4 Qh4
28. Rf1 Ra2 29. h3 Ne6 30. c4 dxc4 31. Qxc4 Ra8 32. Kh2 Nc7 33. Qd4 Qd8 34. Rd1
Qd5 35. Rd2 Qxd4 36. Rxd4 Nd5 37. b5 Ra2 38. bxc6 bxc6 39. Rc4 Ne7 40. Kg1 h5
41. g4 hxg4 42. hxg4 Kf8 43. f5 Ke8 44. Bg5 Re2 45. f6 Rxe5 46. Bf4 gxf6 47.
Bxe5 fxe5 48. Rc5 f6 49. g5 Kf7 50. Kf2 Ke6 51. gxf6 Kxf6 1/2-1/2

[Event "Chess Olympiad 2012"]
[Site "?"]
[Date "????.??.??"]
[Round "4"]
[White "Swiercz, Dariusz"]
[Black "Moiseenko, Aleksandr"]
[Result "1-0"]
[WhiteElo "2594"]
[BlackElo "2706"]
[PlyCount "95"]

1. d4 Nf6 2. c4 e6 3. Nf3 Bb4+ 4. Bd2 Qe7 5. g3 Nc6 6. Nc3 Bxc3 7. Bxc3 Ne4 8.
Qc2 Nxc3 9. Qxc3 O-O 10. Bg2 d6 11. O-O e5 12. d5 Nb8 13. e4 a5 14. c5 Nd7 15.
cxd6 cxd6 16. Rfc1 Re8 17. Nd2 b6 18. Qa3 Ba6 19. Rc6 Bb5 20. Rc7 Qg5 21. Nc4
Bxc4 22. Rxd7 Qd2 23. Rxd6 b5 24. b3 Bd3 25. Rc6 Qe2 26. Qc5 Bxe4 27. Bxe4 Qxe4
28. Qxb5 Qd4 29. Rac1 Red8 30. R6c5 h5 31. Qc4 Qd2 32. Rc2 Qb4 33. Re2 f6 34.
Rc6 Kh7 35. Qd3+ Kg8 36. Rxf6 gxf6 37. Qg6+ Kf8 38. Qxf6+ Kg8 39. Rxe5 Qg4 40.
Rg5+ Qxg5 41. Qxg5+ Kf8 42. Qf6+ Kg8 43. d6 h4 44. Qe6+ Kf8 45. Qe7+ Kg8 46. d7
h3 47. f4 a4 48. b4 1-0

[Event "Chess Olympiad 2012"]
[Site "?"]
[Date "????.??.??"]
[Round "4"]
[White "Wang, Yue"]
[Black "Grischuk, Alexander"]
[Result "0-1"]
[WhiteElo "2685"]
[BlackElo "2763"]
[PlyCount "56"]

1. Nf3 c5 2. c4 Nc6 3. Nc3 e5 4. g3 g6 5. Bg2 Bg7 6. d3 Nge7 7. h4 h6 8. Bd2 d6
9. a3 Be6 10. Rb1 a5 11. Qc1 Rc8 12. O-O b6 13. e4 Bg4 14. Re1 Kf8 15. Nd5 Nxd5
16. exd5 Bxf3 17. Bxf3 Nd4 18. Bg4 f5 19. Bd1 g5 20. hxg5 hxg5 21. Bxg5 Qd7 22.
Qe3 Qf7 23. Kg2 Bf6 24. Ba4 Bxg5 25. Qxg5 Rh2+ 26. Kf1 Rh1+ 27. Kg2 Rh2+ 28.
Kf1 Qh7 0-1

[Event "Chess Olympiad 2012"]
[Site "?"]
[Date "????.??.??"]
[Round "4"]
[White "Volokitin, Andrei"]
[Black "Socko, Bartosz"]
[Result "1-0"]
[WhiteElo "2709"]
[BlackElo "2635"]
[PlyCount "129"]

1. e4 e5 2. Nf3 Nc6 3. Bb5 a6 4. Ba4 Nf6 5. O-O Be7 6. Re1 b5 7. Bb3 d6 8. c3
O-O 9. h3 Na5 10. Bc2 c5 11. d4 Nd7 12. d5 Nb6 13. Nbd2 Qe8 14. b3 f5 15. exf5
Bxf5 16. Bxf5 Rxf5 17. Ne4 Qg6 18. Bd2 Raf8 19. Ng3 R5f7 20. c4 Nb7 21. Qe2 b4
22. Qe4 Qxe4 23. Nxe4 a5 24. a3 Nd7 25. Be3 h6 26. Rec1 Rc8 27. Ne1 Nf6 28. Ng3
e4 29. axb4 axb4 30. Ra6 Bf8 31. Rca1 g6 32. Ra8 Rxa8 33. Rxa8 Kh7 34. Nc2 Bg7
35. Bc1 Re7 36. Bb2 Ng8 37. Bxg7 Kxg7 38. Ne3 Kf7 39. Ra7 Nd8 40. Ra6 Nb7 41.
Ra7 Nd8 42. Rxe7+ Kxe7 43. Nxe4 Nb7 44. Nd2 Na5 45. f4 Kf7 46. Kf2 Ne7 47. g4
Ng8 48. Kf3 Ne7 49. Nef1 Ng8 50. Ng3 Ke7 51. h4 Nf6 52. g5 hxg5 53. hxg5 Nd7
54. Ke4 Kf7 55. Ngf1 Nb7 56. Nh2 Nf8 57. Nhf3 Na5 58. Nh4 Nd7 59. f5 gxf5+ 60.
Kxf5 Ne5 61. g6+ Kg8 62. Kf6 Nb7 63. Nf5 Ng4+ 64. Kg5 Ne5 65. Ne4 1-0

[Event "Chess Olympiad 2012"]
[Site "?"]
[Date "????.??.??"]
[Round "5"]
[White "Aronian, Levon"]
[Black "Ivanchuk, Vassily"]
[Result "1-0"]
[WhiteElo "2816"]
[BlackElo "2769"]
[PlyCount "83"]

1. Nf3 Nf6 2. c4 e6 3. d4 b6 4. g3 Ba6 5. b3 Bb4+ 6. Bd2 Be7 7. Nc3 Bb7 8. Bg2
O-O 9. O-O Na6 10. d5 exd5 11. Nd4 Bc5 12. Nc2 c6 13. cxd5 cxd5 14. Bg5 Nc7 15.
Ne3 d4 16. Bxb7 Rb8 17. Ng4 dxc3 18. Bxf6 gxf6 19. Be4 d5 20. Bc2 f5 21. Nh6+
Kh8 22. Nxf5 Qf6 23. a3 a5 24. Qd3 Rg8 25. b4 axb4 26. axb4 Bxb4 27. Ra7 Ne6
28. Ne7 Qg7 29. Nxg8 Kxg8 30. Qxd5 Bc5 31. e3 b5 32. Ra8 Rxa8 33. Qxa8+ Qf8 34.
Qe4 Qh6 35. Ra1 b4 36. Ra5 Bf8 37. Qg4+ Qg7 38. Qh4 h6 39. Ra8 Nc7 40. Rxf8+
Qxf8 41. Qg4+ Kh8 42. Qf5 1-0

[Event "Chess Olympiad 2012"]
[Site "?"]
[Date "????.??.??"]
[Round "5"]
[White "Ponomariov, Ruslan"]
[Black "Movsesian, Sergei"]
[Result "1/2-1/2"]
[WhiteElo "2734"]
[BlackElo "2698"]
[PlyCount "114"]

1. Nf3 d5 2. c4 c6 3. e3 Nf6 4. Nc3 a6 5. Qc2 e6 6. d4 c5 7. cxd5 exd5 8. Be2
Nc6 9. Ne5 Qc7 10. Nxc6 bxc6 11. e4 Be6 12. Be3 Nxe4 13. Nxe4 dxe4 14. dxc5
Qa5+ 15. Bd2 Qxc5 16. Qxe4 Qd5 17. Bf3 Qxe4+ 18. Bxe4 Bd5 19. Bxd5 cxd5 20. Ke2
Kd7 21. Rhd1 Ke6 22. Bc3 f6 23. Rd3 Bc5 24. Rad1 Rhd8 25. f4 Rac8 26. Ba5 Rd6
27. Rc1 Rdc6 28. Rdc3 Kd7 29. Rb3 Bd6 30. Rb7+ Ke6 31. Rxc6 Rxc6 32. Bd2 Bc7
33. Kd3 h5 34. b4 Kd7 35. b5 axb5 36. Rxb5 Ra6 37. Rxd5+ Kc6 38. Rxh5 Ra3+ 39.
Bc3 Bxf4 40. Ra5 Rxa5 41. Bxa5 Bxh2 42. Bc3 Kd5 43. a4 Bc7 44. a5 f5 45. a6 Kc6
46. Bxg7 Kb6 47. Kd4 Kxa6 48. Kd5 Kb7 49. Ke6 Kc6 50. Kxf5 Kd7 51. g4 Ke7 52.
Kg6 Ke6 53. Bh6 Bd8 54. Bg5 Bc7 55. Bh6 Bd8 56. Bg5 Bc7 57. Bh6 Ke5 1/2-1/2

[Event "Chess Olympiad 2012"]
[Site "?"]
[Date "????.??.??"]
[Round "5"]
[White "Akopian, Vladimir"]
[Black "Volokitin, Andrei"]
[Result "1/2-1/2"]
[WhiteElo "2687"]
[BlackElo "2709"]
[PlyCount "112"]

1. e4 e5 2. Nf3 Nf6 3. Nxe5 d6 4. Nf3 Nxe4 5. d4 d5 6. Bd3 Nc6 7. O-O Be7 8. c4
Nb4 9. Be2 O-O 10. a3 Nc6 11. cxd5 Qxd5 12. Nc3 Nxc3 13. bxc3 Bf5 14. Re1 Rfe8
15. Bf4 Rac8 16. h3 h6 17. Qc1 Qd7 18. Qb2 Bd6 19. Bxd6 cxd6 20. Nh4 Be6 21.
Rad1 Qd8 22. d5 Bxd5 23. Rxd5 Qxh4 24. Qxb7 Qe7 25. Qxe7 Nxe7 26. Rxd6 Ng6 27.
Kf1 Rxc3 28. Ra6 Rc7 29. Bf3 Rxe1+ 30. Kxe1 Nf4 31. Kd2 Kf8 32. Ke3 Ne6 33. Bd5
Ke7 34. f4 Rc3+ 35. Ke4 Rc7 36. Rc6 Rxc6 37. Bxc6 Kd6 38. Be8 Nc5+ 39. Kf5 Ke7
40. Bb5 Ne6 41. Bc4 Nc7 42. h4 f6 43. g4 Ne8 44. Kg6 Kf8 45. g5 hxg5 46. hxg5
fxg5 47. fxg5 Nd6 48. Bb3 Nb5 49. a4 Nd6 50. a5 Nb5 51. Bc4 Nd6 52. Bd5 Nb5 53.
Kf5 Ke7 54. Kg6 Kf8 55. Kf5 Ke7 56. Kg6 Kf8 1/2-1/2

[Event "Chess Olympiad 2012"]
[Site "?"]
[Date "????.??.??"]
[Round "5"]
[White "Leko, Peter"]
[Black "Kramnik, Vladimir"]
[Result "1/2-1/2"]
[WhiteElo "2737"]
[BlackElo "2797"]
[PlyCount "61"]

1. d4 Nf6 2. c4 e6 3. Nf3 d5 4. g3 Bb4+ 5. Bd2 Be7 6. Bg2 O-O 7. O-O Nbd7 8.
Qc2 c6 9. Rd1 b6 10. Bf4 Bb7 11. Ne5 Rc8 12. Nc3 Nh5 13. Bc1 Nhf6 14. e4 dxc4
15. Nxc4 b5 16. Ne3 Qb6 17. b3 Rfe8 18. Bb2 Bf8 19. Qe2 Ba6 20. Qd2 Rcd8 21.
Rac1 c5 22. d5 Qa5 23. Qc2 c4 24. bxc4 bxc4 25. Ne2 exd5 26. exd5 Bb5 27. Nc3
Ba6 28. Ne2 Bb5 29. Qb1 Rb8 30. Qa1 Ng4 31. Nxg4 1/2-1/2

[Event "Chess Olympiad 2012"]
[Site "?"]
[Date "????.??.??"]
[Round "5"]
[White "Grischuk, Alexander"]
[Black "Almasi, Zoltan"]
[Result "1-0"]
[WhiteElo "2763"]
[BlackElo "2713"]
[PlyCount "79"]

1. e4 e5 2. Nf3 Nc6 3. Bb5 a6 4. Ba4 Nf6 5. O-O Be7 6. d3 d6 7. c3 O-O 8. Re1
Re8 9. Nbd2 Bf8 10. Nf1 h6 11. Ng3 b5 12. Bc2 Ne7 13. d4 Ng6 14. b3 c6 15. Be3
Qc7 16. Bd3 Bb7 17. Qc2 Rac8 18. h3 Nf4 19. Bf1 Ng6 20. Bd3 Nf4 21. Bf1 Ng6 22.
a4 Qb8 23. Bd3 Nf4 24. Bxf4 exf4 25. Nf5 bxa4 26. bxa4 c5 27. e5 dxe5 28. dxe5
Nd7 29. Rab1 Qa8 30. N5h4 Rc6 31. Be4 Rb6 32. Bh7+ Kh8 33. Rxb6 Nxb6 34. e6
Bxf3 35. Nxf3 g6 36. Bxg6 fxg6 37. Qxg6 Qc8 38. Ne5 Bg7 39. Nf7+ Kg8 40. Nxh6+
1-0

[Event "Chess Olympiad 2012"]
[Site "?"]
[Date "????.??.??"]
[Round "5"]
[White "Polgar, Judit"]
[Black "Karjakin, Sergey"]
[Result "1/2-1/2"]
[WhiteElo "2698"]
[BlackElo "2785"]
[PlyCount "78"]

1. e4 e5 2. Nf3 Nc6 3. Bb5 Nf6 4. O-O Nxe4 5. Re1 Nd6 6. Nxe5 Be7 7. Bf1 Nf5 8.
c3 Nxe5 9. Rxe5 d6 10. Re1 O-O 11. d4 d5 12. Nd2 Bd6 13. Nf3 Ne7 14. Bd3 Bf5
15. Qc2 Bxd3 16. Qxd3 f6 17. Bd2 Qd7 18. Re2 Qf5 19. Qxf5 Nxf5 20. g4 Ne7 21.
Rae1 Kf7 22. Bf4 Bxf4 23. Rxe7+ Kg8 24. Nh4 Bd6 25. Rd7 g6 26. Ng2 Rf7 27. Rxf7
Kxf7 28. h3 Rh8 29. Ne3 c6 30. a4 a5 31. b3 Re8 32. Kf1 Re4 33. Re2 Bf4 34. Ng2
Bd6 35. f3 Re6 36. Rxe6 Kxe6 37. f4 c5 38. Ke2 f5 39. g5 cxd4 1/2-1/2

[Event "Chess Olympiad 2012"]
[Site "?"]
[Date "????.??.??"]
[Round "5"]
[White "Tomashevsky, Evgeny"]
[Black "Balogh, Csaba"]
[Result "1/2-1/2"]
[WhiteElo "2730"]
[BlackElo "2668"]
[PlyCount "79"]

1. d4 d5 2. c4 c6 3. Nf3 Nf6 4. Nc3 dxc4 5. a4 e6 6. e3 c5 7. Bxc4 cxd4 8. exd4
Nc6 9. O-O Be7 10. Qe2 O-O 11. Rd1 Nb4 12. a5 Bd7 13. Ne5 Rc8 14. a6 bxa6 15.
Bxa6 Nxa6 16. Rxa6 Rc7 17. Bf4 Bc8 18. Raa1 a6 19. Rd3 Bb7 20. Rg3 Kh8 21. Rd1
Rc8 22. Bg5 Nd7 23. Bxe7 Qxe7 24. Qg4 f5 25. Qf4 Nf6 26. Qh4 Kg8 27. Re1 Rc7
28. Nd3 Ne4 29. Qxe7 Rxe7 30. Rge3 Rd8 31. f3 Nf6 32. Rxe6 Rxe6 33. Rxe6 Rxd4
34. Nc5 Rb4 35. Re7 Bd5 36. Nxd5 Nxd5 37. Re5 Nc7 38. Re7 Nd5 39. Re5 Nc7 40.
Re7 1/2-1/2

[Event "Chess Olympiad 2012"]
[Site "?"]
[Date "????.??.??"]
[Round "5"]
[White "Navara, David"]
[Black "Kamsky, Gata"]
[Result "1/2-1/2"]
[WhiteElo "2691"]
[BlackElo "2746"]
[PlyCount "71"]

1. c4 c6 2. e4 d5 3. exd5 cxd5 4. d4 Nf6 5. Nc3 g6 6. Qb3 Bg7 7. cxd5 O-O 8.
Nge2 Na6 9. g3 Qb6 10. Qxb6 axb6 11. Bg2 Nb4 12. O-O Rd8 13. d6 Rxd6 14. Bf4
Rd7 15. Be5 e6 16. Rfd1 Nc6 17. a3 Nxe5 18. dxe5 Ng4 19. f4 Ne3 20. Rxd7 Bxd7
21. Bxb7 Ra7 22. Bh1 f6 23. exf6 Bxf6 24. Rb1 e5 25. Nd5 Nxd5 26. Bxd5+ Kg7 27.
fxe5 Bxe5 28. Nc3 Bh3 29. Kf2 Bd4+ 30. Ke2 Ra5 31. Rd1 Bg4+ 32. Bf3 Re5+ 33.
Kd3 Bxc3 34. Bxg4 Bxb2 35. Rb1 Bxa3 36. Rxb6 1/2-1/2

[Event "Chess Olympiad 2012"]
[Site "?"]
[Date "????.??.??"]
[Round "5"]
[White "Sambuev, Bator"]
[Black "Radjabov, Teimour"]
[Result "0-1"]
[WhiteElo "2523"]
[BlackElo "2788"]
[PlyCount "94"]

1. d4 Nf6 2. c4 g6 3. Nc3 Bg7 4. e4 d6 5. Nf3 O-O 6. Be2 e5 7. O-O Nc6 8. d5
Ne7 9. Ne1 Nd7 10. Be3 f5 11. f3 f4 12. Bf2 g5 13. Rc1 Rf6 14. Nd3 b6 15. b4
Rh6 16. c5 a6 17. cxd6 cxd6 18. b5 Qe8 19. g4 fxg3 20. Bxg3 Ng6 21. bxa6 Bxa6
22. Nf2 Nf4 23. Bxa6 Rxa6 24. Ng4 Rg6 25. Ne3 Nc5 26. Kh1 Qd7 27. Nf5 Bf6 28.
Qd2 Bd8 29. Rb1 Ra5 30. Rg1 Nh3 31. Rg2 h6 32. Qe2 Kh7 33. Nb5 Ra4 34. Qc2 g4
35. fxg4 Ng5 36. Nfxd6 Rxd6 37. Bxe5 Rg6 38. Nc3 Rc4 39. Qe2 Rxc3 40. Bxc3
Ngxe4 41. Bd4 Qxd5 42. Bxc5 bxc5 43. Qc2 Bh4 44. Rf1 c4 45. Rf5 Qd3 46. Rf4 Re6
47. a4 Ng3+ 0-1

[Event "Chess Olympiad 2012"]
[Site "?"]
[Date "????.??.??"]
[Round "5"]
[White "Mamedyarov, Shakhriyar"]
[Black "Gerzhoy, Leonid"]
[Result "1-0"]
[WhiteElo "2729"]
[BlackElo "2448"]
[PlyCount "105"]

1. d4 d5 2. c4 c6 3. Nc3 e6 4. e3 Bd6 5. Qc2 f5 6. Bd3 Nh6 7. Bd2 O-O 8. h3 Qe7
9. Nge2 dxc4 10. Bxc4 b5 11. Bb3 a5 12. a3 Ba6 13. e4 b4 14. axb4 axb4 15. Nd1
Nf7 16. e5 Bxe5 17. dxe5 Nxe5 18. Nf4 c5 19. Rxa6 Rxa6 20. O-O g5 21. Nxe6 Rxe6
22. Bxg5 Qxg5 23. Bxe6+ Kh8 24. Qxc5 Qf6 25. Ne3 f4 26. Ng4 Nxg4 27. Bxg4 Nc6
28. Re1 Nd4 29. Re4 Rd8 30. Qc7 f3 31. Re7 Ne2+ 32. Kh2 Qf4+ 33. Qxf4 Nxf4 34.
Bxf3 Nd3 35. Re2 Rc8 36. Rd2 Nc1 37. Bd1 Rc7 38. g4 Kg7 39. h4 h6 40. Kg3 Kf6
41. f4 Re7 42. g5+ hxg5 43. hxg5+ Kg7 44. f5 Re1 45. Rd7+ Kf8 46. f6 Rg1+ 47.
Kf4 Rf1+ 48. Ke4 Ke8 49. Rd2 Kf7 50. Bh5+ Ke6 51. Bg4+ Kf7 52. Rd7+ Ke8 53. Rd1
1-0

[Event "Chess Olympiad 2012"]
[Site "?"]
[Date "????.??.??"]
[Round "5"]
[White "Sasikiran, Krishnan"]
[Black "Adams, Michael"]
[Result "1/2-1/2"]
[WhiteElo "2707"]
[BlackElo "2722"]
[PlyCount "62"]

1. d4 Nf6 2. c4 e6 3. Nf3 Bb4+ 4. Nbd2 O-O 5. a3 Be7 6. e4 d5 7. e5 Nfd7 8. Bd3
c5 9. O-O Nc6 10. Re1 a5 11. Nb3 b6 12. Bf4 dxc4 13. Bxc4 a4 14. Nbd2 cxd4 15.
Bb5 Bb7 16. Bxc6 Bxc6 17. Nxd4 Bd5 18. Qg4 Kh8 19. Rad1 Rc8 20. Nf1 Qe8 21. Ng3
Rg8 22. Bg5 Rc4 23. Bxe7 Qxe7 24. Qf4 Rd8 25. Nf1 Nf8 26. Ne3 Ng6 27. Qg3 Rcc8
28. Nb5 Bb3 29. Rd6 Rc5 30. Rxd8+ Qxd8 31. Nd6 Kg8 1/2-1/2